000 01833nam a2200265 i 4500
003 DO-SdBNP
005 20260525123908.0
007 ta
008 260525e2025 dr ||||gr|||||||| |bspa d
020 _a9789945951417.
040 _aDO-SdBNP
_bspa
_cBNPHU
_erda
041 _aspa
082 _bM538g 2025
_222
100 _aMéndez, Pachy
_989724
_eautor
245 _aGuía ''Desde el actor hacia el personaje'' /
_cPachy Méndez.
264 _aSanto Domingo, República Dominicana :
_bEditora Poetas De La Era,
_c2025.
300 _a161 páginas ;
_c23.5 cm.
336 _atexto
_btxt
_2rdacontent
337 _asin mediación
_bn
_2rdamedia
338 _avolumen
_bnc
_2rdacarrier
500 _aPachy Méndez es actriz dominicana con más de tres décadas de trayectoria escénica. A lo largo de su carrera ha desarrollado herramientas prácticas que nacen de la experiencia vivida en escena, con el objetivo de fortalecer el oficio actoral desde adentro. Esta guía es el resultado de ese recorrido y de un deseo profundo: compartir lo aprendido para acompañar y empoderar a quienes eligen este camino.
520 _a¿Cómo se convierte un actor en un personaje que respira, siente y transforma? Esta guía no ofrece fórmulas mágicas ni atajos vacíos. Ofrece experiencia viva. Con más de 30 años de experiencia en el oficio, la autora comparte herramientas, errores, aciertos y verdades que todo actor—joven o veterano—necesita escuchar. Desde el actor hacia el personaje es una invitación sincera a mirar el arte de actuar con profundidad, entrega y honestidad. Desde la preparación del cuerpo, el casting, el trabajo de investigación hasta el marketing del actor, esta guía recorre cada etapa con claridad, humanidad y visión práctica.
650 0 _aTeatro dominicano
_980280
_vGuía
942 _2ddc
_cLBS1
999 _c60818
_d60818